000 01595nam0a22003371 4500
001 RU\INFOCOMM_322\NLR\5000263851
005 20250614080545.0
035 _a(NLR Aleph) 010604973
090 _a10550076
_c10550076
100 _a20130325d1987 |||y0rusy50 ca
101 0 _afre
102 _aRU
105 _ay z||||
200 1 _aVers la rencontre tout en haut du sommet
_eReykjavik a-t-il rapproché la rencontre au somme à Washington et le désarmement nucléaire?
_fAlexandre Poumpianski
210 _aM.
_cÉd. de l'Agence de presse "Novosti"
_d1987
215 _a101 с., [8] л. ил., портр.
_cил., портр.
_d19 см
300 _aВ вып. дан.: К встрече "наверху": Приблизил ли Рейкьявик встречу в верхах в Вашингтоне и ядерное разоружение? / Александр Борисович Пумпянский
606 0 _aРазоружение
_2nlr_sh1
607 _aСССР
_xВзаимоотношения с Соединенными Штатами
_z1986-
_2nlr_sh1
607 _aСоединенные Штаты
_xВзаимоотношения с СССР
_z1986-
_2nlr_sh1
620 _aМосква
686 _aТ3(2)73-64(7США)
_2rubbk
686 _aТ3(7США)63-64(2)
_2rubbk
686 _aТ3(0)63-611.2
_2rubbk
700 1 _9z01790
_aPumpjanskij
_bA. B.
_f1940-
_gAleksandr Borisovič
790 1 _9z01700
_aPoumpianski
_bA.
_gAlexandre
_4070
801 1 _aRU
_bInfocomm
_c20130325
801 0 _aRU
_bINFOCOMM
_gPSBO
852 _aNLR
_jИ25 Д-3/652
942 _cBOOK
980 _aNB